=LDR 00000nam 2200000 4500 =001 000235 =005 20250710115829 =035 ##$$a 0010-0725000059 =245 1#$$a Memasak Apa? /$c Anjali Nayar =100 #$$a Anjali Nayar =250 ##$$a Cetakan Pertama =300 ##$$a 20 hlm. : $b Ilus. ; $c 21 cm. =856 ##$$a TBM AS SUHADA =260 ##$$a Rawamangun :$b Badan Pengembangan dan Pembinaan Bahasa,$c 2022 =082 ##$$a 398.209 598 =084 ##$$a 398.209 598 NAY m =020 ##$$a 978-623-307-417-9 =650 #4$$a Cerita Anak Indonesia - Terjemahan =650 #4$$a Literasi - Bahan bacaan